000 00492nam a2200193 i 4500
001 C2-0262770
003 PPAK
005 20180729000314.0
008 050216s2004 my |||| ||||| | may d
040 _aPPAK
_beng
_cPPAK
_erda
245 1 0 _aCinta luar biasa
264 1 _a[Kuala Lumpur] :
_bTayangan Unggul ,
_c[2004]
336 _2rdacontent
_atext
337 _2rdamedia
_aunmediated
338 _2rdacarrier
_avolume
500 _aVCD 0799/05
700 _eauthor
942 _2ddc
_cVCD
999 _c165039
_d165039